Los Principios generales del derecho en la jurisprudencia del Tribunal Supremo / Fernando Reinoso Barbero
ISBN:
84-86133-22-x
Descripción Física:
379 p. ; 24 cm
MARC
| LEADER | 00000nam a2200000Ia 4500 | ||
|---|---|---|---|
| 001 | 20050 | ||
| 008 | 160829s1987 xx 000 0 cat d | ||
| 020 | |a 84-86133-22-x | ||
| 080 | |a D-4-2 | ||
| 100 | |a Reinoso Barbero, Fernando |9 45175 | ||
| 245 | |a Los Principios generales del derecho en la jurisprudencia del Tribunal Supremo / Fernando Reinoso Barbero | ||
| 260 | |a Madrid : |b Dykinson, |c 1987 | ||
| 300 | |a 379 p. ; |c 24 cm | ||
| 590 | |a A la coberta: Formularios de recursos de casación civil, penal, laboral y apelación contencioso administrativa | ||
| 650 | |a Espanya. Tribunal Supremo |x Jurisprudència |x Repertoris |9 45176 | ||
| 650 | |a Dret |x Espanya |x Formularis |9 45177 | ||
| 650 | |a Dret |x Espanya |x Fonts I |9 45178 | ||
| 650 | |a Jurisprudència |x Espanya |9 45976 | ||
| 901 | |a Arxiu | ||
| 942 | |n 1 | ||
| 952 | |0 1 |1 0 |2 udc |4 0 |5 2 |6 D42 |7 1 |9 52409 |a Arxiu |b Arxiu |d 2016-12-01 |l 0 |o D-4-2 |p 20050 |r 2016-12-01 00:00:00 |w 2016-12-01 |y ARXIU | ||
| 999 | |c 56257 |d 56257 | ||